000 01161nam a2200313 a 4500
001 000115544
003 CHAP
005 20220329144539.0
008 190604s2019 mx a sm |||||||spa d
010 _a112005
011 _a112977
040 _cCHAP
090 _aTesis
100 1 _aRuíz Jiménez, Rocío.
_9135948
245 1 0 _aEvaluación de alternativas biorracionales para el control de mosquitos en aguas tratadas /
_h[En línea]
_cpor Rocío Ruíz Jiménez.
260 _aChapingo, Méx. :
_bEl autor,
_c2019.
500 _aPara ver el contenido del material haga clic en la liga
502 _aTesis (Ing. Agr. Esp. en Parasitología Agrícola) -- UACH. Departamento de Parasitología Agrícola
590 _aBATCH-UPD
_b05
_c20190604
_lUCH01
_h1547
590 _aE8697GMM
_b05
_c20190604
_lUCH01
_h1311
590 _aE8697GMM
_b05
_c20190604
_lUCH01
_h1546
590 _aE8697GMM
_b05
_c20190604
_lUCH01
_h1546
650 1 4 _aAguas residuales
_xAnalisis
_92584
650 1 4 _aNemátodos parásitos de insectos.
_980831
856 _aFinding aid
_uhttp://10.13.5.2/tesis/sist115544.pdf
_zTeclea aquí
901 _aBK
942 _cTESIS
942 _n0
999 _c112005
_d112005